000
00336 a2200157 4500
001
76022
020
_a
978-85-418-1250-4
040
_c
Anchieta - Colégio São Paulo
100
_a
Teobaldo, Délcio
240
1
0
_a
Pivetim
_l
por
245
1
0
_a
Pivetim
300
_a
168
362
0
_a
2017
650
4
_a
Literatura juvenil
942
_c
BK
999
_c
76022
_d
76022